Регионална библиотека "Любен Каравелов" - Русе

Лечебни растения - инхибитори на вируси (Запис номер 202654)

MARC детайли
000 -Лидер
Контролно поле с фиксирана дължина 01290nam a2200289 c 4500
003 - Код на организацията, давaща контролен номер
Контролно поле BLK
005 - Дата и час на последна редакция
Контролно поле 20180421001520.0
008 - Елементи от данни с фиксирана дължина
fixed length control field 180411b bul|||||r ||||||| ||bul||
010 ## - Наследен системен номер
LC control number KNG00212128000
040 ## - Източник на каталожния запис
Идентификатор на билиотеката - собственик на записа BLK
041 ## - Код за език
Код за езика на текст/звукозапис или на отделно заглавие Български
Код за езика КДБФ Български
080 ## - УДК
Текстов определител УДК Лекарствени растения
УДК код - определител по УДК 633.88
УДК определител
УДК - код + определител 633.88
080 ## - УДК
Текстов определител УДК Лекарствени средства от растителен произход. Подразделя се със знак за отношение :582; :633/635; :665.3
УДК код - определител по УДК 615.322
УДК определител
УДК - код + определител 615.322
100 1# - Редна дума - Автор
Автор Манолова, Надя Христова
Авторска отговорност първи автор
R(LIN) 349866
139 ## - Редно поле
Редна дума Манолова, Надя Христова и др.
Авторски знак Мано - М 27
245 10 - Сведения за заглавието
Заглавие Лечебни растения - инхибитори на вируси
Подзаглавни данни Изследване
Редно поле (дума) Надя Христова Манолова; съавт. Вера А. Максимова.
257 ## - Страна на издаване
Страна на създаване/издаване България
260 ## - Област на издателските данни
-- София
Име на издателя, разпространителя и проч. БАН
Година на издаване 1988
300 ## - Физическа характеристика
Страници 148 с.
Илюстрации и др. с табл., сх., диагр.
Размери/Мащаб 20 см
380 ## - Жанр
Жанр Селско стопанство
700 1# - Други автори (авторска отговорност)
Лично име Максимова, Вера А.
Автороска отговорност (Описва отношението между автора и произведението) съавт.
9 (RLIN) 349867
852 ## - Местоположение
Форматна сигнатура Цб 156904
856 4# - Електронен адрес и достъп
Електронен формат pdf - файл
Път до файла /url/
856 4# - Електронен адрес и достъп
Електронен формат pdf - файл
Път до файла /url/
942 ## - АРТИКУЛИ
Вид на библиотечния материал Книги
Скрит в OPAC Не
944 ## - СЪЗДАВАНЕ И РЕДАКЦИЯ на ЗАПИСА
Създаване/Редакция Създаване
Дата на регистрацията/редакция 12.09.2017
Служител, извършил регистрацията/редакцията Наталия_Любомирова
944 ## - СЪЗДАВАНЕ И РЕДАКЦИЯ на ЗАПИСА
Създаване/Редакция Редакция
Дата на регистрацията/редакция 12.09.2017
Служител, извършил регистрацията/редакцията Наталия_Любомирова
999 ## - СИСТЕМНИ КОНТРОЛНИ НОМЕРА
Koha biblionumber 202654
Koha biblioitemnumber 202654
Наличности
Код за отписване Код за изгубен артикул Източник на класификационната схема Код за повреда Коз за рестрикции Код за отдаване Артикулен № Име на библиотеката - собственик Име на библиотеката, в която се намира в момента Статус (Текущо местоположение) Дата на вписване в системата Местоположение - отдел Цена в лева Инвентарен номер Систематично азбучна сигнатура Баркод Номер на екземпляра Цена в евро Служебна бележка Служебен тип на артикула
  Не е изгубен Universal Decimal Classification Не е повреден без рестрикции ползва се в читалня 350369 Регионална библиотека "Любен Каравелов" Русе Регионална библиотека "Любен Каравелов" Русе Хранилище 1988-01-01 Хранилище 1.42 513531 Цб 156904 120000513531 1 0.73 N: стар фонд Дата: 01.01.1988 Книги
Изтеглен Не е изгубен Universal Decimal Classification Не е повреден без рестрикции заемане за дома 350370 Регионална библиотека "Любен Каравелов" Русе Регионална библиотека "Любен Каравелов" Русе Заемна - подръчен фонд 1988-01-01 Заемна - подръчен фонд 1.42 513306 П 633.8/М 27 513306 2 0.73 N: стар фонд Дата: 01.01.1988 Книги
Vip Innovations Ltd, Rousse, Bulgaria 2025